| 000 | 01044cab a22002175a 4500 | ||
|---|---|---|---|
| 001 | L146698 | ||
| 008 | 090217e20090214xxkao f s 000 0 eng d | ||
| 035 | _a(Sirsi) u146698 | ||
| 041 | 0 | _aeng | |
| 100 | 1 | _aGolden, Paul | |
| 245 | 0 | 0 |
_aFocus _bKent |
| 260 | _c2009 | ||
| 490 |
_aEstates Gazette _v(0906) 14 February 2009, 81-91(8) |
||
| 520 | _aRegular geographical feature focuses on property development and regeneration in Kent. The authors discuss the fact that several large-scale development plans in the region have been delayed or shelved due to the recession and also explores the effects of Kent Council's £50m exposure to the collapse of the Icelandic banking system. Short articles on the development of industrial property on the Isle of Grain site and the performance of office market. | ||
| 590 | _aKA | ||
| 651 | 4 |
_aEngland and Wales _y1543- |
|
| 690 | _aPROPERTY-COMMERCIAL PROPERTY-COMMERCIAL PROPERTY DEVELOPMENT | ||
| 690 | _aPROPERTY-PROPERTY MANAGEMENT-REGENERATION | ||
| 700 | 1 | _aClarkson, Melanie | |
| 942 | _n0 | ||
| 999 |
_c81252 _d81252 |
||